Tâm lý học gia đình
Những khái niệm chung về gia đình, chức năng và bầu không khí tâm lý trong gia đình. ảnh hưởng của các yếu tố tâm lý gia đình và các biến đổi tâm lý trong gia đình khi xuất hiện con trẻ. Nội dung tâm lý, nếp sống, truyền thống, thói quen và ảnh hưởng của chúng lên việc hình thành nhân cách trẻ em...
Đã lưu trong:
| Príomhúdar: | |
|---|---|
| Formáid: | Leabhar |
| Teanga: | Vietnamese |
| Foilsithe: |
H.
Đại học sư phạm Hà Nội I
1993
|
| Ábhair: | |
| Clibeanna: |
Cuir Clib Leis
Gan Chlibeanna, Bí ar an gcéad duine leis an taifead seo a chlibeáil!
|
| Thư viện lưu trữ: | Mạng thư viện Đại học Đà Nẵng |
|---|
| LEADER | 01418nam a22003498a 4500 | ||
|---|---|---|---|
| 001 | 000013782 | ||
| 003 | 10126 | ||
| 005 | 20120322140319.0 | ||
| 008 | 120322s1993 b 000 0 od | ||
| 020 | |d 1.000b | ||
| 041 | 0 | |a 9306 | |
| 041 | 0 | |a vie | |
| 080 | |a 159 | ||
| 082 | |a 158.2 |b NG-H | ||
| 084 | |a Y956 |b T120L | ||
| 100 | 1 | |a Ngô Công Hoàn |e Tác giả | |
| 245 | 1 | 0 | |a Tâm lý học gia đình |c Ngô Công Hoàn |
| 260 | |a H. |b Đại học sư phạm Hà Nội I |c 1993 | ||
| 300 | |a 145tr |c 19cm | ||
| 520 | |a Những khái niệm chung về gia đình, chức năng và bầu không khí tâm lý trong gia đình. ảnh hưởng của các yếu tố tâm lý gia đình và các biến đổi tâm lý trong gia đình khi xuất hiện con trẻ. Nội dung tâm lý, nếp sống, truyền thống, thói quen và ảnh hưởng của chúng lên việc hình thành nhân cách trẻ em | ||
| 653 | |a Tâm lý học | ||
| 653 | |a Gia đình | ||
| OWN | |a LSP | ||
| AVA | |a UDN50 |b LSP |d 158.2 NG-H |e available |t Error 5001 Not defined in file expand_doc_bib_avail. |f 2 |g 0 |h N |i 0 |k 1 | ||
| 999 | |a From the UDN01 | ||
| AVA | |a UDN50 |b LSP |d 158.2 NG-H |e available |t Error 5001 Not defined in file expand_doc_bib_avail. |f 2 |g 0 |h N |i 0 |k 1 | ||
| TYP | |a Monograph | ||
| TYP | |a Printed language | ||
| 980 | |a Mạng thư viện Đại học Đà Nẵng | ||